00288nam a2200133Ia 45000030006000000080041000060400015000471000022000622450022000842500010001062600009001165460012001250050017001370STCL150530s9999 xx 000 0 und d aSTCLcSTCL aShelley and Keats aShelley and Keats aFirst c1925 aEnglish20220125170934.0